| 000 | 00725nam a2200217Ia 4500 | ||
|---|---|---|---|
| 003 | GCL | ||
| 008 | 140319s9999 xx 000 0 ara d | ||
| 040 |
_aGCL / _cGCL |
||
| 082 | 0 | 4 |
_a247.2 _bع ا |
| 100 | 1 | _aعلى يحيى عمر | |
| 245 | 1 | 0 |
_aالاباضية بين الفرق الاسلامية : عند كتاب المقالات فى القديم والحديث / _cعلى يحيى عمر |
| 260 |
_a[S.N] : _bوزارة التراث القومى والثقافة ، _c1992 |
||
| 300 | _a308 ص | ||
| 490 | _a | ||
| 650 | 0 | 4 | _aالخوارج |
| 650 | 0 | 4 | _aالفرق الاسلامية |
| 650 | 0 | 4 | _aالاباضية |
| 650 | 0 | 4 | _aسلطنة عمان |
| 650 | 0 | 4 | _aفقه الاباضية |
| 942 |
_2ddc _cBK |
||
| 999 |
_c36067 _d36067 |
||